|
|
|
|
| LEADER |
01937cas a2200265 a 4500 |
| 001 |
AALejournalIMF005402 |
| 008 |
230101c9999 xx r poo 0 0eng d |
| 020 |
|
|
|c 5.00 USD
|
| 020 |
|
|
|z 9781451871005
|
| 022 |
|
|
|a 1018-5941
|
| 040 |
|
|
|a BD-DhAAL
|c BD-DhAAL
|
| 100 |
1 |
|
|a Prasad, Eswar.
|
| 245 |
1 |
0 |
|a Does Openness to International Financial Flows Raise Productivity Growth? /
|c Eswar Prasad, Marco Terrones, Ayhan Kose.
|
| 264 |
|
1 |
|a Washington, D.C. :
|b International Monetary Fund,
|c 2008.
|
| 300 |
|
|
|a 1 online resource (39 pages)
|
| 490 |
1 |
|
|a IMF Working Papers
|
| 500 |
|
|
|a <strong>Off-Campus Access:</strong> No User ID or Password Required
|
| 500 |
|
|
|a <strong>On-Campus Access:</strong> No User ID or Password Required
|
| 506 |
|
|
|a Electronic access restricted to authorized BRAC University faculty, staff and students
|
| 520 |
3 |
|
|a This paper provides a comprehensive analysis of the relationship between financial openness and total factor productivity (TFP) growth using an extensive dataset that includes various measures of productivity and financial openness for a large sample of countries. We find that de jure capital account openness has a robust positive effect on TFP growth. The effect of de facto financial integration on TFP growth is less clear, but this masks an important and novel result. We find strong evidence that FDI and portfolio equity liabilities boost TFP growth while external debt is actually negatively correlated with TFP growth. The negative relationship between external debt liabilities and TFP growth is attenuated in economies with higher levels of financial development and better institutions.
|
| 538 |
|
|
|a Mode of access: Internet
|
| 700 |
1 |
|
|a Kose, Ayhan.
|
| 700 |
1 |
|
|a Terrones, Marco.
|
| 830 |
|
0 |
|a IMF Working Papers; Working Paper ;
|v No. 2008/242
|
| 856 |
4 |
0 |
|z Full text available on IMF
|u http://elibrary.imf.org/view/journals/001/2008/242/001.2008.issue-242-en.xml
|z IMF e-Library
|